FIFA 21 TOP 100 PLAYERS - Statistics

General Stats
  • This quiz has been taken 5,531 times
  • The average score is 61 of 100
Answer Stats
Rating Position Club Footballer % Correct
93 RW Barcelona Lionel Messi
100%
92 ST Piemonte Calcio Cristiano Ronaldo
99%
91 LW PSG Neymar
98%
90 ST PSG Kylian Mbappé
97%
91 ST Bayern Munich Robert Lewandowski
97%
90 RW Liverpool Mohamed Salah
96%
87 LM Tottenham Son Heung-Min
96%
90 CB Liverpool Virgil Van Dijk
96%
91 CAM Man City Kevin De Bruyne
95%
91 GK Atlético Madrid Jan Oblak
94%
90 LW Liverpool Sadio Mané
94%
88 ST Tottenham Harry Kane
92%
89 GK Bayern Munich Manuel Neuer
92%
89 CB Real Madrid Sergio Ramos
92%
89 CF Real Madrid Karim Benzema
91%
90 GK Barcelona Marc-André ter Stegen
91%
89 ST Man City Sergio Agüero
90%
87 CM Real Madrid Luka Modrić
89%
88 CM Real Madrid Toni Kroos
88%
90 GK Liverpool Alisson
87%
89 CDM Real Madrid Casemiro
86%
88 GK Man City Ederson
86%
88 CDM Bayern Munich Joshua Kimmich
85%
88 CDM Chelsea N'Golo Kanté
85%
89 GK Real Madrid Thibaut Courtois
85%
88 LW Man City Raheem Sterling
81%
88 CF Piemonte Calcio Paulo Dybala
80%
87 CAM Man United Bruno Fernandes
77%
88 LW Real Madrid Eden Hazard
77%
87 ST Lazio Ciro Immobile
76%
87 ST Arsenal Pierre-Emerick Aubameyang
75%
87 RW PSG Ángel Di María
74%
87 LB Liverpool Andrew Robertson
73%
87 CF Liverpool Roberto Firmino
73%
88 GK Inter Milan Samir Handanovič
73%
86 ST Leicester City Jamie Vardy
71%
88 CB Napoli Kalidou Koulibaly
71%
87 ST Atlético Madrid Luis Suárez
71%
87 CF Barcelona Antoine Griezmann
70%
86 CAM Real Sociedad David Silva
70%
87 RM Dortmund Jadon Sancho
70%
87 GK Tottenham Hugo Lloris
69%
87 GK PSG Keylor Navas
69%
86 CAM Bayern Munich Thomas Müller
69%
86 CM Man United Paul Pogba
68%
87 RB Liverpool Trent Alexander-Arnold
68%
87 CDM Liverpool Fabinho
67%
86 CB Barcelona Gerard Piqué
66%
87 CDM Barcelona Sergio Busquets
66%
86 GK Man United David De Gea
62%
87 CB Piemonte Calcio Giorgio Chiellini
61%
85 CAM Dortmund Marco Reus
60%
86 CB Real Madrid Raphaël Varane
60%
85 RW Man City Riyad Mahrez
60%
86 LB Barcelona Jordi Alba
59%
86 CDM Liverpool Jordan Henderson
58%
86 CB Dortmund Mats Hummels
57%
87 CB Man City Aymeric Laporte
56%
86 RB Real Madrid Dani Carvajal
56%
85 LM Bayern Munich Leroy Sané
56%
84 ST Dortmund Erling Håland
54%
85 ST Inter Milan Romelu Lukaku
53%
85 RM Bayern Munich Serge Gnabry
53%
85 CM Liverpool Thiago
52%
86 GK Mönchengladbach Yann Sommer
51%
85 CB Piemonte Calcio Leonardo Bonucci
50%
86 CM PSG Marco Verratti
50%
85 CAM Chelsea Kai Havertz
45%
85 CB PSG Marquinhos
45%
85 GK AC Milan Gianluigi Donnarumma
44%
85 CF Lyon Memphis Depay
43%
85 CM Barcelona Frenkie De Jong
41%
85 LW Napoli Lorenzo Insigne
40%
86 CAM Sevilla Alejandro Gómez
39%
85 ST Chelsea Timo Werner
39%
87 GK Piemonte Calcio Wojciech Szczęsny
39%
85 CB Piemonte Calcio Matthijs De Ligt
38%
85 LM Man United Marcus Rashford
37%
85 RB Man City Kyle Walker
34%
85 ST PSG Mauro Icardi
34%
87 RW Man City Bernardo Silva
33%
85 CF Napoli Dries Mertens
33%
85 CM Lazio Sergej Milinković-Savić
33%
85 CM Liverpool Georginio Wijnaldum
32%
85 CDM Man City Rodri
31%
85 GK Arsenal Bernd Leno
29%
85 CM Villarreal Dani Parejo
29%
85 CM Atlético Madrid Koke
28%
85 CAM Lazio Luis Alberto
28%
85 LB Piemonte Calcio Alex Sandro
25%
85 RB Leicester City Ricardo Pereira
25%
85 CB Chelsea Thiago Silva
25%
85 CB Barcelona Clément Lenglet
23%
85 CB Inter Milan Milan Škriniar
23%
85 CB Cagliari Diego Godín
22%
85 CAM Chelsea Hakim Ziyech
21%
85 GK RB Leipzig Péter Gulácsi
20%
85 CB Tottenham Toby Alderweireld
18%
85 CAM Inter Milan Christian Eriksen
17%
85 CM Barcelona Miralem Pjanić
15%
No matching quizzes found
Score Distribution
Percent of People with Each Score
Percentile by Number Answered
Your Score History
You have not taken this quiz